Sindh sagar / (Record no. 525807)

000 -LEADER
fixed length control field 00428nam a22001697a 4500
003 - CONTROL NUMBER IDENTIFIER
control field NUST
020 ## - INTERNATIONAL STANDARD BOOK NUMBER
Qualifying information (Hbk)
038 ## - RECORD CONTENT LICENSOR
Staff Name M. Shaban
082 ## - DEWEY DECIMAL CLASSIFICATION NUMBER
Classification number 954.16
Author Mark HUS
100 ## - MAIN ENTRY--PERSONAL NAME
Personal name Ahsan, Aitzaz
9 (RLIN) 16753
245 ## - TITLE STATEMENT
Title Sindh sagar /
Statement of responsibility, etc. Aitzaz Ahsan
260 ## - PUBLICATION, DISTRIBUTION, ETC.
Place of publication, distribution, etc. Islamabad :
Name of publisher, distributor, etc. Dost publications
Date of publication, distribution, etc. 1999.
300 ## - PHYSICAL DESCRIPTION
Extent 460 p. ;
880 ## - ALTERNATE GRAPHIC REPRESENTATION
Linkage 100-01\r
Title اعتزازاحسن
880 ## - ALTERNATE GRAPHIC REPRESENTATION
Linkage 245-02\r
Title سندھ ساگر /
942 ## - ADDED ENTRY ELEMENTS (KOHA)
Source of classification or shelving scheme
Koha item type Book
Holdings
Withdrawn status Lost status Source of classification or shelving scheme Damaged status Not for loan Permanent Location Current Location Shelving location Date acquired Total Checkouts Total Renewals Full call number Barcode Date last seen Date last checked out Price effective from Koha item type
          Central Library (CL) Central Library (CL) Urdu Literature 07/04/2019 1 1 954.16 HUS CL-E-1054 02/22/2024 08/02/2023 07/04/2019 Book
© 2023 Central Library, National University of Sciences and Technology. All Rights Reserved.